900 años de desencuentro /
Guardat en:
| Autor principal: | |
|---|---|
| Format: | Electrònic eBook |
| Idioma: | espanyol |
| Publicat: |
[Spain] :
Artgerust,
[2015]
|
| Matèries: | |
| Accés en línia: | Digitalia Hispánica |
| Etiquetes: |
Afegir etiqueta
Sense etiquetes, Sigues el primer a etiquetar aquest registre!
|
MARC
| LEADER | 00000nam a2200000 i 4500 | ||
|---|---|---|---|
| 001 | DIGULZM0001 | ||
| 003 | NyNyDIG | ||
| 007 | cr ||||||||||| | ||
| 008 | 230901s2015 sp ob 000 0 spa d | ||
| 006 | m o d | ||
| 035 | |a (OCoLC)1395939839 | ||
| 040 | |a DGITA |b eng |e rda |e pn |c DGITA | ||
| 020 | |a 9788416514151 |q eBook |q ePub | ||
| 020 | |z 9788416514144 |q papel | ||
| 043 | |a e-sp--- |a e-po--- | ||
| 050 | 1 | 4 | |a DP84 ebook |
| 100 | 1 | |a Ajubita Lizarbide, Javier, |e author. | |
| 245 | 1 | 0 | |a 900 años de desencuentro / |c Javier Ajubita Lizarbide. |
| 246 | 3 | |a Novecientos años de desencuentro | |
| 264 | 1 | |a [Spain] : |b Artgerust, |c [2015] | |
| 300 | |a 1 online resource. | ||
| 336 | |a text |b txt |2 rdacontent | ||
| 337 | |a computer |b c |2 rdamedia | ||
| 338 | |a online resource |b cr |2 rdacarrier | ||
| 347 | |a text file |2 rdaft | ||
| 347 | |b EPUB | ||
| 504 | |a Includes bibliographical references. | ||
| 588 | 0 | |a Online resource; title from ePub title page (Digitalia, viewed September 1, 2023) | |
| 651 | 0 | |a Spain |x Foreign relations |z Portugal |x History. | |
| 651 | 0 | |a Portugal |x Foreign relations |z Spain |x History. | |
| 791 | 2 | |a Digitalia (Firm), |e distributor. | |
| 793 | 0 | |g Digitalia eBook Collection: |a Ulzama | |
| 776 | 0 | 8 | |i Print version: |a Ajubita Lizarbide, Javier. |t 900 años de desencuentro. |d [Spain] : Artgerust, [2015] |z 9788416514144 |
| 856 | 4 | 0 | |3 Digitalia Hispánica |u https://digitalia.unach.elogim.com/a/88666/ |
| 910 | |a Premium collection: 2023 | ||